[Event "Druzynowe Mistrzostwa Polski Juniorow - II liga"]
[Site "Sypniewo k. Jastowia"]
[Date "2024-06-17"]
[Round "7.12"]
[White "Stolarz, Anna"]
[Black "Pierchala, Emilia"]
[Result "1/2-1/2"]
[WhiteTitle "II"]
[BlackTitle "II"]
[WhiteElo "1528"]
[BlackElo "1406"]

1. e4 e5 2. Nf3 Nc6 3. d4 exd4 4. Bc4 Bc5 5. O-O d6 6. c3 dxc3 7. Nxc3 Bg4 8. Bb5
Nge7 9. h3 Bh5 10. Bg5 f6 11. Bf4 O-O 12. Bxc6 Nxc6 13. Qb3+ Bf7 14. Qxb7 Na5
15. Qb5 Bb6 16. b3 a6 17. Qd3 Re8 18. Rfe1 Qd7 19. Nd5 Bxd5 20. Qxd5+ Qe6 21.
Qxe6+ Rxe6 22. Rac1 c5 23. Nd2 Rd8 24. Be3 Rb8 25. Kf1 Nc6 26. a3 Ne5 27. Ke2
Kf7 28. Nc4 Nxc4 29. Rxc4 Ba5 30. Rb1 Bd8 31. f4 g6 32. Kf3 f5 33. exf5 gxf5 34.
Ra4 Ra8 35. g4 fxg4+ 36. hxg4 Bc7 37. b4 cxb4 38. Raxb4 Rae8 39. R1b3 Rh8 40.
Rb7 Re7 41. Bd4 Rhe8 42. Re3 Bd8 43. Rexe7+ Rxe7 44. Rxe7+ Bxe7 45. Ke4 h6 46.
Kd5 Ke8 47. Ke6 Bf8 48. a4 Be7 49. Bg7 Bf8 50. Bxf8 Kxf8 51. Kxd6 Kf7 52. Ke5
Ke7 53. f5 Kf7 54. f6 Ke8 55. Kf5 Kf7 56. g5 hxg5 57. Kxg5 Kf8 58. Kf5 a5 59.
Ke6 Ke8 60. Kd6 Kf7 61. Kc6 Kxf6 62. Kb6 Ke7 63. Kb7 Kd7 64. Ka6 Kc8 65. Kxa5
Kb8 66. Kb6 Ka8 67. a5 Kb8 68. a6 Ka8 69. a7 1/2-1/2

[Event "Druzynowe Mistrzostwa Polski Juniorow - II liga"]
[Site "Sypniewo k. Jastowia"]
[Date "2024-06-17"]
[Round "7.13"]
[White "Rekuc, Patryk"]
[Black "Klim, Filip"]
[Result "1/2-1/2"]
[WhiteTitle "I+"]
[BlackTitle "k"]
[WhiteElo "2076"]
[BlackElo "1914"]

1. d4 d5 2. Nf3 e6 3. c4 c6 4. e3 Nf6 5. b3 Nbd7 6. Bb2 Bd6 7. Bd3 b6 8. O-O Bb7
9. Nbd2 O-O 10. Qc2 Rc8 11. Rad1 h6 12. Rfe1 c5 13. Qb1 Qc7 14. cxd5 exd5 15.
dxc5 bxc5 16. Bf5 Rcd8 17. e4 d4 18. Bxd7 Nxd7 19. b4 cxb4 20. Bxd4 Bc5 21. Rc1
Qb6 22. Nc4 Qa6 23. Ba1 Rfe8 24. h3 Qe6 25. Nce5 Nxe5 26. Bxe5 Qb6 27. Bg3 Re6
28. Qc2 Rc8 29. Qb1 Rce8 30. Nd2 Rf6 31. Nf3 Rfe6 32. Nd2 Rf6 1/2-1/2

[Event "Druzynowe Mistrzostwa Polski Juniorow - II liga"]
[Site "Sypniewo k. Jastowia"]
[Date "2024-06-17"]
[Round "7.14"]
[White "Urych, Krzysztof"]
[Black "Krol, Jan"]
[Result "0-1"]
[WhiteTitle "I"]
[BlackTitle "I+"]
[WhiteElo "1782"]
[BlackElo "2002"]

1. e4 c5 2. Nf3 d6 3. d4 cxd4 4. Nxd4 Nf6 5. Nc3 a6 6. Rg1 b5 7. a4 b4 8. Nd5 Bb7
9. Nxf6+ gxf6 10. Bd3 Nc6 11. Nxc6 Bxc6 12. a5 Qc7 13. Qe2 Bb7 14. Be3 Qc6 15.
Qd2 e6 16. Qxb4 d5 17. Qa4 Qxa4 18. Rxa4 Bc6 19. Ra1 dxe4 20. Bc4 Bd6 21. g3 Be5
22. c3 Ke7 23. Ke2 h5 24. h4 f5 25. Bc5+ Kf6 26. Rad1 Rhc8 27. Bd4 Ba4 28. b3
Bb5 29. Bxe5+ Kxe5 30. Rd4 Bxc4+ 31. Rxc4 Rxc4 32. bxc4 Rc8 33. Rb1 Rxc4 34. Rb6
Rxc3 35. Rxa6 f4 36. Ra7 f5 37. gxf4+ Kxf4 38. Rg7 Rc2+ 39. Ke1 Ra2 40. Rg6 Rxa5
41. Rxe6 Kf3 42. Rf6 f4 43. Rf8 Ra1+ 44. Kd2 Rf1 45. Rf5 Rxf2+ 46. Ke1 Rh2 47.
Rxh5 e3 0-1

[Event "Druzynowe Mistrzostwa Polski Juniorow - II liga"]
[Site "Sypniewo k. Jastowia"]
[Date "2024-06-17"]
[Round "7.15"]
[White "Chomicki, Kornel"]
[Black "Lesik, Sebastian"]
[Result "0-1"]
[WhiteTitle "II+"]
[BlackTitle "I"]
[WhiteElo "1613"]
[BlackElo "1845"]

1. e4 c5 2. Nc3 e6 3. d3 Nc6 4. g3 Nf6 5. Bg2 Be7 6. f4 d5 7. e5 Ng8 8. Nf3 h5
9. h3 b6 10. a3 Bb7 11. Qe2 Nh6 12. Qf2 Nf5 13. Ne2 Rc8 14. Bd2 g6 15. O-O-O Kd7
16. g4 Nh6 17. Qg3 Kc7 18. Kb1 Kb8 19. Nc3 a6 20. f5 gxf5 21. Bxh6 Rxh6 22. gxf5
exf5 23. Qf4 Rg6 24. Rhg1 d4 25. Ne2 Bg5 26. Nxg5 Qxg5 27. Qxg5 Rxg5 28. Bxc6
Rxg1 29. Rxg1 Rxc6 30. Rg5 Rg6 31. Rxf5 Rg2 32. Nf4 Rf2 33. b3 Bc8 34. Rxf7 Bxh3
35. Rf8+ Kb7 36. e6 Bxe6 37. Rf6 Rf1+ 38. Kb2 h4 39. Rxe6 Rxf4 40. Rh6 b5 41.
b4 c4 42. dxc4 bxc4 43. a4 Re4 44. a5 Rf4 45. Rb6+ Kc7 46. Rxa6 Rf2 47. Rh6 d3
48. Rxh4 Rxc2+ 49. Kb1 c3 50. Rd4 Rb2+ 51. Kc1 d2+ 52. Kd1 Rb1+ 53. Ke2 Re1+ 54.
Kf2 d1=Q 0-1

[Event "Druzynowe Mistrzostwa Polski Juniorow - II liga"]
[Site "Sypniewo k. Jastowia"]
[Date "2024-06-17"]
[Round "7.16"]
[White "Mroczkowski, Adam"]
[Black "Dunda, Szymon"]
[Result "1/2-1/2"]
[WhiteTitle "I"]
[BlackTitle "II"]
[WhiteElo "1714"]
[BlackElo "1548"]

1. e4 c5 2. Nf3 d6 3. d4 cxd4 4. Nxd4 Nf6 5. Nc3 a6 6. Bc4 e6 7. Bb3 Be7 8. O-O
O-O 9. f4 Nbd7 10. Kh1 Re8 11. f5 e5 12. Nde2 Nc5 13. Ng3 Nxb3 14. axb3 b6 15.
Bg5 Bb7 16. Bxf6 Bxf6 17. Nh5 Rf8 18. Qg4 Kh8 19. Rad1 Qe7 20. Ne2 g6 21. Nxf6
Qxf6 22. Ng3 Rad8 23. c4 Bc8 24. Rd3 gxf5 25. Nxf5 Rg8 26. Qe2 Bxf5 27. Rxf5 Qe6
28. Qf2 Qg6 29. Rxf7 Qxf7 30. Qxf7 Rdf8 31. Qxg8+ Kxg8 32. Rg3+ Kh8 33. Rf3 Rxf3
34. gxf3 Kg7 35. Kg2 Kg6 36. b4 h5 37. Kg3 Kg5 38. h4+ Kg6 39. Kf2 Kf6 40. Ke2
Ke6 41. Ke3 Ke7 42. f4 exf4+ 43. Kxf4 Kf6 44. b3 b5 45. c5 dxc5 46. bxc5 a5 1/2-1/2

[Event "Druzynowe Mistrzostwa Polski Juniorow - II liga"]
[Site "Sypniewo k. Jastowia"]
[Date "2024-06-17"]
[Round "7.17"]
[White "Szczotka, Matylda"]
[Black "Lysiuk, Valeryia"]
[Result "1-0"]
[WhiteTitle "I"]
[BlackTitle "II"]
[WhiteElo "1670"]
[BlackElo "1468"]

1. e4 d5 2. exd5 Qxd5 3. Nc3 Qd6 4. d4 g6 5. Be3 Bg7 6. Nge2 Nf6 7. g3 O-O 8. Bg2
c6 9. O-O Bf5 10. Bf4 Qd7 11. Re1 Bh3 12. Qd2 Bxg2 13. Kxg2 Na6 14. Ng1 Rfe8 15.
Rad1 Nb4 16. Nf3 Nbd5 17. Ne5 Nxf4+ 18. Qxf4 Qd6 19. Ne4 Qe6 20. Ng5 Qxa2 21.
Ngxf7 Qd5+ 22. Kg1 Rf8 23. c4 Qa5 24. Nh6+ Bxh6 25. Qxh6 Qc7 26. Re3 Rac8 1-0

[Event "Druzynowe Mistrzostwa Polski Juniorow - II liga"]
[Site "Sypniewo k. Jastowia"]
[Date "2024-06-17"]
[Round "7.18"]
[White "Jankiewicz, Lucja"]
[Black "Saliuk, Maryia"]
[Result "0-1"]
[WhiteTitle "II+"]
[BlackTitle "I"]
[WhiteElo "1451"]
[BlackElo "1503"]

1. e4 e5 2. Nf3 Qe7 3. d4 d6 4. Nc3 c6 5. Bc4 h6 6. Bb3 Nf6 7. h3 Qc7 8. Be3 Nbd7
9. Qd2 a6 10. a4 Nb8 11. Qd3 Qe7 12. a5 Nbd7 13. Qc4 g5 14. g4 Rh7 15. O-O-O Nb8
16. Rd2 Qc7 17. Qa4 Bd7 18. Qa2 Bc8 19. dxe5 dxe5 20. Rhd1 Nbd7 21. Qa4 Be7 22.
Ng1 b5 23. axb6 Nxb6 24. Qa5 Nbd5 25. Qxc7 Nxc7 26. Ba4 Nb5 27. Nge2 Bd7 28. f3
Bb4 29. Rd3 Rh8 30. Na2 Be7 31. Nac3 Be6 32. Rh1 Bc4 33. Rdd1 Rc8 34. h4 gxh4
35. Rxh4 Nxe4 36. Rxh6 Rxh6 37. Bxh6 Nbxc3 38. Nxc3 Nxc3 39. bxc3 Ba3+ 40. Kd2
Be7 41. Kc1 Be2 42. Re1 Bxf3 43. Rxe5 f6 44. Ra5 Bxg4 45. Rxa6 Bf3 46. Bf4 Kf7
47. Bb3+ Kg6 48. Be6 Rd8 49. Bd2 Rd6 50. Bh3 Rd5 51. Ra4 Rh5 52. Bg4 Bxg4 53.
Rxg4+ Kf5 54. Rc4 c5 55. Be3 Ke6 56. Kb2 Kd5 57. Kb3 Rh3 58. Bf2 Rf3 59. Bh4 Rf1
60. Ra4 Bd6 61. Kb2 f5 62. Ra1 Rxa1 63. Kxa1 Kc4 64. Kb2 Be5 65. Be1 f4 66. Bd2
f3 67. Be3 Bxc3+ 68. Kc1 Bd4 69. Kd1 Bxe3 70. c3 Kxc3 71. Ke1 f2+ 72. Ke2 c4 73.
Kf1 Kd2 74. Kg2 Ke2 75. Kh2 f1=Q 76. Kg3 Qf3+ 77. Kh2 Qg4 78. Kh1 Qg1# 0-1

[Event "Druzynowe Mistrzostwa Polski Juniorow - II liga"]
[Site "Sypniewo k. Jastowia"]
[Date "2024-06-17"]
[Round "7.19"]
[White "Frac, Piotr"]
[Black "Lechowski, Witold"]
[Result "1-0"]
[WhiteTitle "I"]
[BlackTitle "I+"]
[WhiteElo "1900"]
[BlackElo "2014"]

1. e4 c5 2. Nf3 d6 3. d4 cxd4 4. Nxd4 Nf6 5. Nc3 a6 6. f3 e5 7. Nb3 Be6 8. Be3
h5 9. Nd5 Bxd5 10. exd5 Nbd7 11. Qd2 Rc8 12. c4 g6 13. Na5 Qc7 14. Be2 Bg7 15.
O-O O-O 16. Rac1 b6 17. Nc6 Nb8 18. Nxb8 Rxb8 19. b4 Qb7 20. Rfd1 Nd7 21. a4 Rfc8
22. a5 Bf8 23. axb6 Ra8 24. Qa2 f5 25. Qa5 f4 26. Bf2 e4 27. fxe4 Ne5 28. c5 Qe7
29. c6 Qg5 30. h4 Qf6 31. b7 f3 32. bxc8=Q Rxc8 33. Bf1 fxg2 34. Bxg2 Nf3+ 35.
Bxf3 Qxf3 36. Qxa6 Qg4+ 37. Kh2 Bh6 38. Bg3 Bf4 39. Qxc8+ Qxc8 40. Bxf4 Qg4 41.
Bg3 Qe2+ 42. Kg1 Qf3 43. Bf2 Qg4+ 44. Kh2 Qf4+ 45. Bg3 Qxe4 46. c7 Qe2+ 47. Kg1
Qe3+ 48. Bf2 Qf4 49. c8=Q+ Kg7 50. Rc7+ 1-0

[Event "Druzynowe Mistrzostwa Polski Juniorow - II liga"]
[Site "Sypniewo k. Jastowia"]
[Date "2024-06-17"]
[Round "7.20"]
[White "Czak, Dominik"]
[Black "Nagly, Krzysztof"]
[Result "0-1"]
[WhiteTitle "I"]
[BlackTitle "II+"]
[WhiteElo "1739"]
[BlackElo "1815"]

1. d4 d5 2. c4 e6 3. Nf3 Nf6 4. Nc3 Be7 5. e3 O-O 6. b3 b6 7. Bb2 Bb7 8. Be2 Nbd7
9. O-O c5 10. cxd5 exd5 11. Rc1 Rc8 12. h3 a6 13. Nb1 Ne4 14. Nbd2 f5 15. Ne5
Nxe5 16. dxe5 b5 17. Re1 Qb6 18. Nf3 Rfd8 19. Bd3 Qa5 20. Bb1 c4 21. Nd4 g6 22.
f3 c3 23. Ba1 Ng5 24. Qc2 b4 25. h4 Nf7 26. Nxf5 Qc7 27. Nd4 Qxe5 28. f4 Qh5 29.
f5 Bxh4 30. Rf1 Bg3 31. Nf3 Ng5 32. fxg6 d4 33. gxh7+ Kh8 34. Qf5 Nxf3+ 35. Rxf3
Qh2+ 36. Kf1 Qh1+ 37. Ke2 Qxg2+ 38. Rf2 Qxf2+ 39. Qxf2 Bxf2 40. Kxf2 d3 0-1

[Event "Druzynowe Mistrzostwa Polski Juniorow - II liga"]
[Site "Sypniewo k. Jastowia"]
[Date "2024-06-17"]
[Round "7.21"]
[White "Dobrowolski, Kamil"]
[Black "Pelczarski, Wojciech"]
[Result "1/2-1/2"]
[WhiteTitle "II+"]
[BlackTitle "II+"]
[WhiteElo "1801"]
[BlackElo "1663"]

1. e4 c6 2. d4 d5 3. Nc3 dxe4 4. Nxe4 Nf6 5. Nxf6+ exf6 6. c3 Be6 7. Bd3 Be7 8.
Ne2 O-O 9. Qc2 h6 10. O-O Re8 11. Re1 Nd7 12. Nf4 Nf8 13. Bd2 Qc7 14. Nh5 Bd6
15. Ng3 Rad8 16. Kh1 c5 17. Be3 cxd4 18. Bxd4 Nd7 19. Bb5 a6 20. Bxd7 Bxd7 21.
Rad1 Bg4 22. f3 Rxe1+ 23. Rxe1 Be6 24. Qf2 Bxg3 25. hxg3 Qc6 26. b3 Rc8 27. Qe2
b5 28. Qe4 Qd6 29. Kh2 Qa3 30. Qb7 Rf8 31. Re2 1/2-1/2

[Event "Druzynowe Mistrzostwa Polski Juniorow - II liga"]
[Site "Sypniewo k. Jastowia"]
[Date "2024-06-17"]
[Round "7.22"]
[White "Sonibare, Antoni"]
[Black "Sakharchuk, Aliaksandr"]
[Result "0-1"]
[WhiteTitle "II"]
[BlackTitle "I"]
[WhiteElo "1539"]
[BlackElo "1711"]

1. Nf3 Nf6 2. d4 c5 3. e3 d5 4. c4 cxd4 5. exd4 Nc6 6. h3 Bf5 7. Nc3 e6 8. a3 Bd6
9. Bg5 dxc4 10. Bxc4 h6 11. Be3 Rc8 12. Bd3 Bxd3 13. Qxd3 O-O 14. O-O Re8 15.
Rfd1 a6 16. Rac1 Qc7 17. b4 b5 18. Ne4 Nd5 19. Nc5 Bxc5 20. Rxc5 Qd7 21. Qe4 Rc7
22. Rdc1 Rec8 23. Qh4 f6 24. Qh5 Qf7 25. Qh4 Nce7 26. g4 Rxc5 27. dxc5 e5 28.
Rd1 Nc6 29. Bxh6 gxh6 30. Qxh6 Rd8 31. Nh4 Qg7 32. Qh5 Nd4 33. Nf5 Nf4 34. Rxd4
exd4 35. Nxg7 Nxh5 36. Nxh5 d3 37. Nxf6+ Kf7 38. Ne4 d2 39. Nxd2 Rxd2 40. Kg2
Rd3 41. f3 Rxa3 42. Kg3 Rb3 43. Kf4 Rxb4+ 44. Ke5 Ke7 45. f4 Rc4 46. f5 Rxc5+
47. Kd4 Rc1 48. g5 b4 49. Ke5 b3 50. f6+ Kf7 51. Kf5 Rc5+ 52. Kg4 b2 0-1

[Event "Druzynowe Mistrzostwa Polski Juniorow - II liga"]
[Site "Sypniewo k. Jastowia"]
[Date "2024-06-17"]
[Round "7.24"]
[White "Lechowska, Liliana"]
[Black "Popczynska, Michalina"]
[Result "0-1"]
[WhiteTitle "II"]
[BlackTitle "I"]
[WhiteElo "1558"]
[BlackElo "1857"]

1. Nf3 Nf6 2. g3 g6 3. Bg2 Bg7 4. O-O O-O 5. d4 d5 6. c4 dxc4 7. Na3 c3 8. bxc3
c5 9. dxc5 Ne4 10. Bb2 Nxc3 11. Bxc3 Bxc3 12. Rb1 Nc6 13. Qa4 Qa5 14. Qxa5 Bxa5
15. Rfc1 Rb8 16. Nc4 Bc7 17. e4 h6 18. Rd1 Be6 19. Rdc1 Rfd8 20. a4 Nd4 21. Nxd4
Rxd4 22. Nb2 Bb3 23. Ra1 Be5 24. Rc3 Rb4 25. Re3 Bxb2 26. Rb1 Bc2 27. Rbe1 Bxa4
28. Rb1 Bc2 29. Rbe1 Bg7 30. e5 e6 31. c6 bxc6 32. Bxc6 Rb1 33. Rxb1 Rxb1+ 34.
Kg2 Rb3 35. Rxb3 Bxb3 36. Kf3 Bd5+ 37. Bxd5 exd5 38. Ke3 Bxe5 39. f4 Bg7 40. Kd3
a5 41. Kc2 a4 42. Kb1 a3 43. Ka2 Bb2 44. Kb3 d4 45. Ka2 d3 46. Kb1 d2 47. Kc2
d1=Q+ 48. Kxd1 a2 49. Kd2 a1=Q 50. Kd3 Qa4 51. Ke3 Qd4+ 52. Kf3 Qd3+ 53. Kg4 h5+
54. Kh4 Bf6+ 55. Kh3 Qf1# 0-1

[Event "Druzynowe Mistrzostwa Polski Juniorow - II liga"]
[Site "Sypniewo k. Jastowia"]
[Date "2024-06-17"]
[Round "7.25"]
[White "Nowak, Maciej"]
[Black "Nowicki, Bartosz"]
[Result "1/2-1/2"]
[WhiteTitle "I"]
[BlackTitle "II+"]
[WhiteElo "1791"]
[BlackElo "1854"]

1. e4 c5 2. Nf3 e6 3. d4 cxd4 4. Nxd4 Nf6 5. Nc3 Nc6 6. Ndb5 Bb4 7. Bf4 e5 8. Bg5
O-O 9. a3 Be7 10. Bxf6 Bxf6 11. Nd5 a6 12. Nd6 Be7 13. Nf5 d6 14. Ndxe7+ Nxe7
15. Nxe7+ Qxe7 16. Bc4 Be6 17. Bd5 Rac8 18. Rc1 Bxd5 19. Qxd5 Rc5 20. Qd3 Rd8
21. c4 b5 22. b3 h6 23. O-O Qc7 24. Rfd1 bxc4 25. Rxc4 Rxc4 26. Qxc4 Qxc4 27.
bxc4 Rc8 28. Rxd6 Rxc4 29. f3 Ra4 30. Rd8+ Kh7 31. Rd3 Kg6 32. Kf2 Kf6 33. Ke2
Ke6 34. g4 g6 35. Rb3 1/2-1/2

[Event "Druzynowe Mistrzostwa Polski Juniorow - II liga"]
[Site "Sypniewo k. Jastowia"]
[Date "2024-06-17"]
[Round "7.26"]
[White "Nawrocki, Michal"]
[Black "Wieckowski, Igor"]
[Result "1/2-1/2"]
[WhiteTitle "I"]
[BlackTitle "I"]
[WhiteElo "1771"]
[BlackElo "1623"]

1. Nf3 Nf6 2. c4 e6 3. e3 d5 4. Nc3 b6 5. b3 Bb7 6. Bb2 Nbd7 7. Be2 Be7 8. O-O
O-O 9. d4 c5 10. Ne5 cxd4 11. exd4 dxc4 12. Bxc4 Ne4 13. Nxe4 Bxe4 14. Qe2 Nf6
15. Qe3 Bd5 16. Bd3 Qc7 17. f4 g6 18. Rac1 Qb7 19. g4 Bd6 20. g5 Bxe5 21. fxe5
Nh5 22. Rf2 b5 23. Rc5 a6 24. Rfc2 Rac8 25. Qc1 Rxc5 26. Rxc5 Be4 27. Bf1 Ng7
28. Rc7 Qa8 29. Qc5 Nf5 30. Ba3 Re8 31. Bc1 Qd8 32. Ra7 Nxd4 33. Qc7 Nf3+ 34.
Kf2 Qxc7 35. Rxc7 Nxe5 36. Ke3 Bd5 37. Bb2 Nc6 38. Bf6 Kf8 39. Be2 Nb4 40. a3
Nc6 41. b4 e5 42. h4 Nd4 43. h5 Nf5+ 44. Kf2 e4 45. h6 e3+ 46. Ke1 Nh4 47. Ra7
Rc8 48. Be7+ Kg8 49. Bc5 Re8 50. Rxa6 Ng2+ 51. Kf1 Nf4 52. Rd6 f5 53. Bxb5 e2+
54. Bxe2 Bg2+ 55. Kg1 Rxe2 56. Rd8+ Kf7 57. Rf8+ Ke6 58. Re8+ Kd5 59. Rxe2 Nxe2+
60. Kxg2 1/2-1/2

[Event "Druzynowe Mistrzostwa Polski Juniorow - II liga"]
[Site "Sypniewo k. Jastowia"]
[Date "2024-06-17"]
[Round "7.27"]
[White "Szmolke, Stanislaw"]
[Black "Nowicki, Franciszek"]
[Result "1/2-1/2"]
[WhiteTitle "I"]
[BlackTitle "II"]
[WhiteElo "1760"]
[BlackElo "1758"]

1. e4 c5 2. c3 Nf6 3. e5 Nd5 4. d4 cxd4 5. cxd4 d6 6. Bc4 Nb6 7. Bb5+ Bd7 8. e6
Bxb5 9. Qh5 Qc8 10. Qxb5+ Kd8 11. Nc3 Qc4 12. Qxc4 Nxc4 13. exf7 Nc6 14. Nf3 Rc8
15. d5 N6e5 16. Nd4 Nxf7 17. Ke2 g6 18. b3 Nb6 19. Bb2 Rg8 20. Rad1 Bh6 21. Rhe1
Ne5 22. Kf1 Kd7 23. Ne6 Ng4 24. Re4 Nf6 25. Rh4 Bg7 26. Nxg7 Rxg7 27. Ne4 Rf7
28. Nxf6+ exf6 29. Rb4 Rc2 30. Bd4 Rxa2 31. Bxb6 axb6 32. Rxb6 Kc7 33. Rb4 Re7
34. Rc1+ Kb8 35. Re1 Re5 36. Rxe5 fxe5 1/2-1/2

[Event "Druzynowe Mistrzostwa Polski Juniorow - II liga"]
[Site "Sypniewo k. Jastowia"]
[Date "2024-06-17"]
[Round "7.28"]
[White "Kurczewski, Borys"]
[Black "Wasiluk, Dominik"]
[Result "1-0"]
[WhiteTitle "II"]
[BlackTitle "I"]
[WhiteElo "1508"]
[BlackElo "1709"]

1. e4 e5 2. Nf3 Nc6 3. Nc3 Nf6 4. d4 exd4 5. Nxd4 Bb4 6. Nxc6 bxc6 7. Bd3 d5 8.
exd5 O-O 9. O-O cxd5 10. h3 c6 11. Qf3 Bd6 12. Bf4 Rb8 13. b3 Be6 14. Ne2 c5 15.
Rad1 Bxf4 16. Nxf4 Qc8 17. c4 d4 18. Nxe6 fxe6 19. Rfe1 Re8 20. Qg3 Qd8 21. Re5
Qa5 22. Bb1 Rbc8 23. Rxd4 Qa3 24. Rd1 a5 25. Qe3 a4 26. Rxe6 axb3 27. axb3 Red8
28. Re1 Rb8 29. Re7 Qxb3 30. Qg5 Ne8 31. Qh5 Qxb1 32. Qf7+ 1-0

[Event "Druzynowe Mistrzostwa Polski Juniorow - II liga"]
[Site "Sypniewo k. Jastowia"]
[Date "2024-06-17"]
[Round "7.29"]
[White "Nowak, Zuzanna"]
[Black "Michalska, Anna-maria"]
[Result "1-0"]
[WhiteTitle "I++"]
[BlackTitle "I"]
[WhiteElo "1725"]
[BlackElo "1607"]

1. e4 c6 2. d4 d5 3. exd5 cxd5 4. Bd3 Nc6 5. c3 Qc7 6. h3 Nf6 7. Nf3 g6 8. Qc2
Bg7 9. O-O O-O 10. Bg5 a6 11. Nbd2 b6 12. Rae1 e6 13. Ne5 Nxe5 14. dxe5 Nd7 15.
f4 Bb7 16. Nf3 Nc5 17. Be2 Ne4 18. Bh4 b5 19. a3 Rac8 20. Nd4 Rfe8 21. Bf3 Nc5
22. Qd2 Nd7 23. Bg4 Nb8 24. Qf2 Nc6 25. Nf3 Ne7 26. Bf6 Qc5 27. Nd4 Nc6 28. Bxg7
Kxg7 29. Nxe6+ 1-0

[Event "Druzynowe Mistrzostwa Polski Juniorow - II liga"]
[Site "Sypniewo k. Jastowia"]
[Date "2024-06-17"]
[Round "7.30"]
[White "Bartkowiak, Aleksandra"]
[Black "Pietraszewska, Julia"]
[Result "1-0"]
[WhiteTitle "II+"]
[BlackTitle "II"]
[WhiteElo "1574"]
[BlackElo "1482"]

1. e4 e5 2. Nf3 Nf6 3. Nc3 Nc6 4. d4 exd4 5. Nxd4 Bb4 6. Nxc6 bxc6 7. Bd3 d5 8.
exd5 O-O 9. O-O cxd5 10. Bg5 c6 11. Na4 Re8 12. c4 h6 13. Bh4 Be6 14. Qc2 Qe7
15. a3 Bd6 16. Rfe1 Qd8 17. Rad1 Be7 18. Nc3 Qc7 19. cxd5 cxd5 20. Bxf6 Bxf6 21.
Nxd5 Qxc2 22. Nxf6+ gxf6 23. Bxc2 Rab8 24. b4 Rbc8 25. Ba4 Red8 26. Rxd8+ Rxd8
27. h3 Rd6 28. Re3 Kf8 29. Bb3 Ra6 30. Bxe6 fxe6 31. Kf1 e5 32. Ke2 Kf7 33. Kf3
Kg6 34. Ke4 Ra4 35. Kd5 Ra6 36. Kc5 Kf5 37. b5 Re6 38. a4 e4 39. f3 Kf4 40. Rxe4+
Rxe4 41. fxe4 Kxe4 42. a5 Ke3 43. b6 axb6+ 44. axb6 Kf2 45. b7 Kxg2 46. b8=Q f5
47. Qf4 Kxh3 48. Qxf5+ Kh4 49. Qf4+ Kh5 50. Qh2+ Kg6 51. Kd4 Kh7 52. Ke5 Kg6 53.
Kf4 Kh7 54. Kf5 Kg7 55. Qh5 Kh7 56. Kf6 Kg8 57. Qg6+ Kf8 58. Qf7# 1-0

[Event "Druzynowe Mistrzostwa Polski Juniorow - II liga"]
[Site "Sypniewo k. Jastowia"]
[Date "2024-06-17"]
[Round "7.31"]
[White "Stepinski, Piotr"]
[Black "Jankowski, Franciszek"]
[Result "1-0"]
[WhiteTitle "I+"]
[BlackTitle "I"]
[WhiteElo "1925"]
[BlackElo "1710"]

1. e4 c5 2. Nf3 e6 3. d4 cxd4 4. Nxd4 Nf6 5. Nc3 Nc6 6. Ndb5 Bb4 7. a3 Bxc3+ 8.
Nxc3 d5 9. exd5 exd5 10. Bd3 O-O 11. O-O Bg4 12. f3 Bh5 13. Bg5 Qb6+ 14. Kh1 Ne4
15. Nxe4 dxe4 16. Bxe4 Qxb2 17. Qb1 Qe5 18. Qxb7 Qxg5 19. Qxc6 Rac8 20. Qa6 Qc5
21. Rfd1 Bg6 22. Bxg6 hxg6 23. c4 Rc6 24. Qa4 Qxc4 25. Qxa7 Ra6 26. Qe3 Rfa8 27.
h3 Qc2 28. Rd2 Qc4 29. Rd4 Qe6 30. Qxe6 Rxe6 31. a4 Rea6 32. Kg1 f6 33. Kf2 Ra5
34. Ke3 R8a7 35. Kd3 Kf7 36. Ra2 g5 37. Kc3 f5 38. Kb4 R5a6 39. Rd5 g6 40. a5
Rc6 41. Kb5 Raa6 42. Re2 Kf6 43. Rd8 Kf7 44. Rd7+ Kf6 45. Rb7 g4 46. Rb6 Rcxb6+
47. axb6 gxf3 48. gxf3 Ra3 49. Rb2 1-0

[Event "Druzynowe Mistrzostwa Polski Juniorow - II liga"]
[Site "Sypniewo k. Jastowia"]
[Date "2024-06-17"]
[Round "7.32"]
[White "Leszczewicz, Karol"]
[Black "Gawlik, Olivier"]
[Result "0-1"]
[WhiteTitle "I+"]
[BlackTitle "I"]
[WhiteElo "1668"]
[BlackElo "1765"]

1. e4 d5 2. exd5 Nf6 3. d4 Nxd5 4. c4 Nb6 5. Nc3 g6 6. h3 Bg7 7. Be3 Nc6 8. Nf3
e5 9. dxe5 Qxd1+ 10. Rxd1 Nxe5 11. Nxe5 Bxe5 12. Bd4 Bxd4 13. Rxd4 Bd7 14. c5
Nc8 15. Nd5 Kd8 16. Nf6 Ke7 17. Rxd7+ Kxf6 18. Rxc7 Re8+ 19. Kd2 Re7 20. Rxe7
Nxe7 21. Bc4 Rc8 22. b4 a5 23. a3 Nc6 24. Kc3 axb4+ 25. axb4 Rd8 26. Ra1 Rc8 27.
Bd5 Ke7 28. Bxc6 Rxc6 29. Ra7 Rc7 30. Kc4 b5+ 31. Kxb5 Rxa7 32. Kb6 Ra2 33. b5
Rc2 34. c6 Kd6 35. Kb7 f5 36. f4 h5 37. h4 Rc1 38. g3 Rc2 39. Kc8 Rc1 40. Kd8
Rc5 41. Ke8 Rxb5 42. Kf7 Rb3 43. Kxg6 Rxg3+ 44. Kxf5 Rg4 45. c7 Kxc7 46. Kf6 Rxh4
47. f5 Rh1 48. Kg7 Rf1 49. Kg6 h4 0-1

[Event "Druzynowe Mistrzostwa Polski Juniorow - II liga"]
[Site "Sypniewo k. Jastowia"]
[Date "2024-06-17"]
[Round "7.33"]
[White "Haladaj, Adam"]
[Black "Ladon, Tymoteusz"]
[Result "1-0"]
[WhiteTitle "I"]
[BlackTitle "II+"]
[WhiteElo "1873"]
[BlackElo "1596"]

1. Nf3 Nf6 2. c4 g6 3. b3 Bg7 4. Bb2 O-O 5. g3 d6 6. d4 c5 7. Bg2 Nbd7 8. O-O Rb8
9. dxc5 Nxc5 10. Nc3 Bd7 11. Nd4 Qc8 12. Re1 Bh3 13. Nd5 Bxg2 14. Nxe7+ Kh8 15.
Nxc8 Bh3 16. Nxd6 Rbd8 17. N4b5 a6 18. Nxf7+ Rxf7 19. Qxd8+ Rf8 20. Qb6 Nfd7 21.
Bxg7+ Kxg7 22. Qd6 axb5 23. b4 Ne4 24. Qd4+ Kh6 25. Qxe4 1-0

[Event "Druzynowe Mistrzostwa Polski Juniorow - II liga"]
[Site "Sypniewo k. Jastowia"]
[Date "2024-06-17"]
[Round "7.34"]
[White "Klask, Franciszek"]
[Black "Smejda, Hubert"]
[Result "1-0"]
[WhiteTitle "II"]
[BlackTitle "II"]
[WhiteElo "1571"]
[BlackElo "1537"]

1. d4 Nf6 2. c4 e6 3. Nf3 d5 4. Bg5 dxc4 5. e4 Be7 6. Bxf6 Bxf6 7. e5 Be7 8. Bxc4
O-O 9. O-O c5 10. Qe2 Nc6 11. Rd1 Nxd4 12. Nxd4 cxd4 13. Nd2 Qb6 14. Ne4 Rd8 15.
Rd3 Bd7 16. Rg3 Bc6 17. Nf6+ Bxf6 18. exf6 g6 19. Qh5 Qb4 20. Qh4 Qf8 21. Rh3
h6 22. Rg3 Bd5 23. Bd3 Kh7 24. Qh5 Qg8 25. Rh3 Qf8 26. Rg3 Qg8 27. f4 Bc6 28.
Qxh6+ 1-0

[Event "Druzynowe Mistrzostwa Polski Juniorow - II liga"]
[Site "Sypniewo k. Jastowia"]
[Date "2024-06-17"]
[Round "7.35"]
[White "Banasiak, Adrianna"]
[Black "Pastuszko, Katarzyna"]
[Result "1-0"]
[WhiteTitle "I+"]
[BlackTitle "I++"]
[WhiteElo "1774"]
[BlackElo "1586"]

1. e4 Nf6 2. e5 Nd5 3. c4 Nb6 4. d4 d6 5. f4 Bf5 6. Nf3 dxe5 7. fxe5 e6 8. Nc3
Bb4 9. Be2 Bxc3+ 10. bxc3 O-O 11. O-O N8d7 12. d5 Nc5 13. Ba3 Nba4 14. Rc1 Re8
15. Nd4 Bg6 16. dxe6 fxe6 17. Bh5 Bxh5 18. Qxh5 Qd7 19. Nb3 Nxb3 20. axb3 Nb6
21. Rcd1 Qc6 22. Qf7+ Kh8 23. Bf8 1-0

[Event "Druzynowe Mistrzostwa Polski Juniorow - II liga"]
[Site "Sypniewo k. Jastowia"]
[Date "2024-06-17"]
[Round "7.36"]
[White "Ksionek, Joanna"]
[Black "Grad, Barbara"]
[Result "1/2-1/2"]
[WhiteTitle "II"]
[BlackTitle "II"]
[WhiteElo "1456"]
[BlackElo "1509"]

1. e4 c5 2. c3 d5 3. exd5 Qxd5 4. d4 Nc6 5. Nf3 Bf5 6. Be2 cxd4 7. cxd4 Bxb1 8.
Rxb1 Nf6 9. a3 e6 10. O-O Be7 11. Be3 O-O 12. h3 Rfd8 13. Qa4 Qd6 14. Bc4 a6 15.
Ba2 Nd5 16. Bxd5 Qxd5 17. Rfd1 Rac8 18. Rbc1 Bf6 19. Qc4 Qxc4 20. Rxc4 Na5 21.
Rxc8 Rxc8 22. Kh2 Rd8 23. Bc1 Nb3 24. Be3 Na5 25. b4 Nc4 26. Bc1 Ne5 27. Be3 Nxf3+
28. gxf3 h6 29. Rd3 Kh7 30. Kg3 Kg6 31. f4 Kf5 32. Kf3 Rd7 33. Ke2 Ke4 34. f3+
Kd5 35. Kd2 Rc7 36. Rc3 Rc4 37. Kd3 Rxc3+ 38. Kxc3 b5 39. Kd3 Bh4 1/2-1/2

[Event "Druzynowe Mistrzostwa Polski Juniorow - II liga"]
[Site "Sypniewo k. Jastowia"]
[Date "2024-06-17"]
[Round "7.37"]
[White "Matela, Krzysztof"]
[Black "Bochniak, Franciszek"]
[Result "1/2-1/2"]
[WhiteTitle "I"]
[BlackTitle "I++"]
[WhiteElo "2024"]
[BlackElo "1936"]

1. e4 c5 2. Nf3 e6 3. c4 Nc6 4. Nc3 Be7 5. g3 d6 6. Bg2 Nf6 7. O-O O-O 8. Re1 e5
9. a3 Bg4 10. h3 Bxf3 11. Bxf3 a6 12. Rb1 Rb8 13. d3 b5 14. Bg5 Nd4 15. Bxf6 Bxf6
16. Bg4 g6 17. b3 Bg7 18. Ne2 Qa5 19. Nxd4 exd4 20. Qe2 h5 21. Bf3 Bh6 22. cxb5
Rxb5 23. a4 Rbb8 24. Qd1 Rfe8 25. e5 dxe5 26. Bd5 Qb6 27. Qf3 Re7 28. Kg2 Kg7
29. Bc4 a5 30. Re2 Rbe8 31. Bb5 1/2-1/2